000 00457cam a2200181ua 4500
020 _c40.00
041 _aeng
_h
082 _a338.4
_bMAL/SM
100 _aMalik, R.K .
245 _aSmall, medium and large scale industries /
_cR.K Malik.
_hTextual Documents
260 _a :
_bSmall Industry Research Imstitute ,
_c1975.
300 _a416 ; .
365 _a40.00
500 _a**Reference
504 _a
942 _cBK
999 _c7917
_d7917